| 000 | 01147cam a22001934a 4500 | ||
|---|---|---|---|
| 005 | 20250605164139.0 | ||
| 008 | 250528s ||||||||||||||||||||||||d | ||
| 035 | _a18897 | ||
| 020 | _a582525063 | ||
| 040 |
_aGR-AtMCL _bgre _dGR-AtMCL _eAACR2 |
||
| 245 | 1 | _aLiving English Structure / A Practice Book for Foreign Students | |
| 260 |
_bLongman, _c1974 |
||
| 300 | _a338 | ||
| 520 | _aIntroduction, Countables and Uncountables, Possessives, Pronous, Introduction to Interrogatives, Telling the Time, Comparisons, Causative Use of Have, Imperative, Present Tense, Present Perfect Tense, Past Tense, Future and Future Perfect, Revision of Tenses, Question-tags, Infinitive Implied by Its Particle, Infinitive, Infinitive and Gerund, Perfect Infinitive of Imaginary Past, Verb and Noun or Adjective, Interrogatives, Relatives, Relative and Interrogative Links, Emphatic Colloquial Interrogatives, Reported Speech, Passive Voice, Miscellaneous Exercises, Phrase Openings, The Comparison Game, Prepositions and Adverbial Particles, Accepted Phrases, Index. | ||
| 700 | 1 |
_aAllen Stannard W. _95178 |
|
| 942 | _cBK | ||
| 999 |
_c4201 _d4201 |
||